Juan Emar: la angustia de vivir con el dedo de Dios en la nuca

Saved in:
Bibliographic Details
Main Author: Traverso, Soledad (Author)
Format: Book
Language:Spanish
Published: Santiago Ril 1999
Series:Archivo del Escritor
Subjects:
Tags: Add Tag
No Tags, Be the first to tag this record!

MARC

LEADER 00000nam a2200000 a 4500
001 UCO9826
003 CL-VaPUC
008 010309e19990000CL |||||||||||||||||spa|d
082 0 4 |a Ch863.09  |b TRA  |2 21 
100 0 |a Traverso, Soledad  |e author  |9 454977 
245 1 0 |a Juan Emar: la angustia de vivir con el dedo de Dios en la nuca 
300 |a 212 p 
942 |c BK 
945 |d 20010309 00:00:00  |a cmena 
260 |a Santiago  |b Ril  |c 1999 
600 0 |a Emar, Juan   |9 454978 
650 0 |a Novela chilena   |9 307631 
650 0 |a Literatura chilena   |9 308278 
650 0 |a Crítica e interpretación literaria  |9 266284 
583 |a last modification  |c 20010309 00:00:00  |k Rodrigo Vera 
490 0 |a Archivo del Escritor 
999 |c 293849  |d 293847 
952 |0 0  |1 0  |4 0  |6 CH_863_090000000000000_TRA_1999  |7 0  |8 A  |9 345608  |a FDOPOS  |b FDOPOS  |d 2019-11-20  |i 369271K  |o Ch863.09 TRA 1999  |p 369271K  |r 2025-01-22  |w 2019-11-20  |y BK  |k MLH 
952 |0 0  |1 0  |4 0  |6 CH_863_090000000000000_TRA_1999  |7 0  |8 A  |9 345609  |a FDOPOS  |b FDOPOS  |d 2019-11-20  |i 3881008  |o Ch863.09 TRA 1999  |p 3881008  |r 2025-01-22  |w 2019-11-20  |y BK  |k MLH